000 00286nam a22001337a 4500
008 190220b xxu||||| |||| 00| 0 eng d
020 _a9789928149206
041 _aeng
080 _a910
100 _a42
101 _aGJEO
245 _aGjeografia Rurale
_cLaçi,S
942 _2udc
_cBK
999 _c54108
_d54108